000 00464nam a2200181Ia 4500
005 20250923145923.0
008 008 250917s9999 xx 000 0 eng d
037 _aTextual
040 _aDSWL
_beng
_cDSWL
041 _aeng
_2eng
084 _qDSWL
100 _aVerma, R.
_9840321
245 4 _aThe study of the kidnapped children
_c by R. Verma
260 _aDelhi
_bD.S.S.W.
_c1975
300 _av,83p.
942 _cTEXL
999 _c1457378
_d1457378